| 000 | 00437nam a2200181Ia 4500 | ||
|---|---|---|---|
| 001 | 12831 | ||
| 005 | 20260306163009.0 | ||
| 008 | 260306t2013||||xx |||||||||||||| ||spa|| | ||
| 041 | _aESP | ||
| 082 |
_aRD 344.3 _bG312 |
||
| 100 |
_aLuján Túpez, Manuel _eAUT |
||
| 245 | 0 | _aDiccionario penal y procesal penal | |
| 260 | _c2013 | ||
| 300 |
_a542 páginas : _c25 cm. |
||
| 650 | _aGEN | ||
| 654 | _aCDE | ||
| 942 |
_cDIC _dJUS _fJUS _2ddc _n |
||
| 999 |
_c12831 _d12831 |
||